[Event "Catalunya-chT Gp1"]
[Site "Barcelona"]
[Date "2020.02.01"]
[Round "3.8"]
[White "Ayas Fernandez, Antonio"]
[Black "Borges Ayats, Joaquim"]
[Result "1-0"]
[WhiteElo "2228"]
[BlackElo "2015"]
[PlyCount "96"]
[EventDate "2020.01.18"]
[EventType "team-tourn"]
[EventRounds "7"]
[EventCountry "ESP"]
[SourceTitle "CBM 194 Extra"]
[Source "ChessBase"]
[SourceDate "2020.03.31"]
[SourceVersion "1"]
[SourceVersionDate "2020.03.31"]
[SourceQuality "1"]
[WhiteTeam "Colon Sabadell"]
[BlackTeam "Cerdanyola Valles"]
[WhiteTeamCountry "ESP"]
[BlackTeamCountry "ESP"]

1. c4 c6 2. Nf3 Nf6 3. b3 d5 4. Bb2 Bf5 5. g3 e6 6. Bg2 Be7 7. 0-0 h6 8. d3 0-0 9. Nbd2 Nbd7 10. Qc2 Bh7 11. Rac1 a5 12. a3 Re8 13. e4 dxe4 14. dxe4 Qc7 15. Rcd1 e5 16. Nh4 Rad8 17. Nf5 Bf8 18. Nf3 Bxf5 19. exf5 e4 20. Nd2 e3 21. Ne4 Nxe4 22. Bxe4 Nc5 23. Bf3 exf2+ 24. Rxf2 Rxd1+ 25. Bxd1 Ne4 26. Re2 Bc5+ 27. Kg2 Nd6 28. b4 axb4 29. axb4 Bxb4 30. c5 Rxe2+ 31. Bxe2 Nc8 32. Bxg7 Kxg7 33. Qb2+ Kg8 34. Qxb4 Qd7 35. Qg4+ Kf8 36. f6 Qxg4 37. Bxg4 Na7 38. Kh3 Nb5 39. Bc8 Nd4 40. Bxb7 Kg8 41. Kg4 Kh7 42. Kf4 Ne6+ 43. Ke5 Nxc5 44. Bxc6 Kg6 45. Kd6 Ne6 46. Ke7 Nd4 47. Be4+ Kh5 48. Kxf7 Kg5 1-0

[Event "Llinars del Valles op-A 13th"]
[Site "Llinars del Valles"]
[Date "2019.05.18"]
[Round "5"]
[White "Villar Reymundo, Juan Antonio"]
[Black "Borges Ayats, Joaquim"]
[Result "1/2-1/2"]
[WhiteElo "2214"]
[BlackElo "1968"]
[PlyCount "50"]
[EventDate "2019.03.30"]
[EventType "swiss"]
[EventRounds "8"]
[EventCountry "ESP"]
[SourceTitle "EXT 2020"]
[Source "ChessBase"]
[SourceDate "2019.10.17"]
[SourceVersion "1"]
[SourceVersionDate "2019.10.17"]
[SourceQuality "1"]

1. d4 d5 2. Nf3 Nf6 3. g3 Bf5 4. c4 c6 5. Nc3 e6 6. Nh4 Bg6 7. Nxg6 hxg6 8. Qb3 Qb6 9. c5 Qxb3 10. axb3 Na6 11. Ra4 Nc7 12. Bf4 Kd7 13. b4 Ne4 14. Bxc7 Nxc3 15. bxc3 Kxc7 16. e3 Be7 17. Be2 b5 18. Ra2 a5 19. bxa5 Ra6 20. Kd2 Rha8 21. Rha1 Bd8 22. h4 Kd7 23. f4 Rxa5 24. Rxa5 Rxa5 25. Rxa5 Bxa5 1/2-1/2

[Event "Llinars del Valles op-A 12th"]
[Site "Llinars del Valles"]
[Date "2018.05.26"]
[Round "6"]
[White "Prats Safont, Sergi"]
[Black "Borges Ayats, Joaquim"]
[Result "1/2-1/2"]
[WhiteElo "1939"]
[BlackElo "1996"]
[PlyCount "49"]
[EventDate "2018.04.14"]
[EventType "swiss"]
[EventRounds "8"]
[EventCountry "ESP"]
[SourceTitle "CBM 184 Extra"]
[Source "ChessBase"]
[SourceDate "2018.06.28"]
[SourceVersion "1"]
[SourceVersionDate "2018.06.28"]
[SourceQuality "1"]

1. e4 c5 2. Nf3 a6 3. d4 cxd4 4. Qxd4 Nc6 5. Qe3 e6 6. c4 Bb4+ 7. Nc3 Nge7 8. Bd2 0-0 9. Be2 d5 10. cxd5 exd5 11. Nxd5 Nxd5 12. exd5 Qxd5 13. 0-0 Bxd2 14. Qxd2 Qxd2 15. Nxd2 Bf5 16. Nf3 Rfe8 17. Rfe1 Rad8 18. Rad1 h6 19. Rxd8 Rxd8 20. Rd1 Re8 21. Kf1 Be6 22. a3 Na5 23. Nd4 Bc4 24. b4 Bxe2+ 25. Nxe2 1/2-1/2

[Event "Cerdanyola del Valles op 24th"]
[Site "Cerdanyola del Valles"]
[Date "2016.10.15"]
[Round "3"]
[White "Borges Ayats, Joaquim"]
[Black "Vidarte Morales, Arturo"]
[Result "0-1"]
[WhiteElo "1967"]
[BlackElo "2353"]
[PlyCount "112"]
[EventDate "2016.10.01"]
[EventType "swiss"]
[EventRounds "8"]
[EventCountry "ESP"]
[SourceTitle "EXT 2018"]
[Source "ChessBase"]
[SourceDate "2017.10.13"]
[SourceVersion "1"]
[SourceVersionDate "2017.10.13"]
[SourceQuality "1"]

1. e4 c5 2. Nf3 d6 3. d4 cxd4 4. Nxd4 Nf6 5. Nc3 Nc6 6. Bc4 e6 7. Be3 a6 8. Bb3 Bd7 9. f4 Rc8 10. f5 e5 11. Nf3 Be7 12. Qd2 Na5 13. Qd3 Nxb3 14. axb3 Bc6 15. Bg5 0-0 16. Bxf6 Bxf6 17. 0-0 Qb6+ 18. Kh1 Rfd8 19. Qe2 d5 20. exd5 Bxd5 21. Nxe5 Rxc3 22. bxc3 Re8 23. Nd7 Rxe2 24. Nxb6 Bxg2+ 25. Kg1 Bxf1 26. Rxf1 Rxc2 27. Re1 h5 28. Nd5 Bxc3 29. Re8+ Kh7 30. Re7 Bd4+ 31. Kh1 f6 32. Nf4 Rc1+ 33. Kg2 Rg1+ 34. Kh3 Be5 35. Nxh5 Rg5 36. Ng3 b5 37. Ra7 Bxg3 38. hxg3 Rxf5 39. Rxa6 Rf3 40. b4 Rb3 41. Rb6 Rxb4 42. Rb7 Kh6 43. Rb6 Kg5 44. Rb7 g6 45. Rb6 f5 46. Rb8 Rb3 47. Rf8 b4 48. Rf7 Rc3 49. Rb7 b3 50. Rb4 Rd3 51. Rb5 Kh5 52. Kg2 g5 53. Rxf5 Kg4 54. Rb5 Rd2+ 55. Kf1 b2 56. Rb4+ Kxg3 0-1

[Event "Llinars del Valles op-A 9th"]
[Site "Llinars del Valles"]
[Date "2015.06.13"]
[Round "9"]
[White "Minguell Soler, Joan"]
[Black "Borges Ayats, Joaquim"]
[Result "0-1"]
[WhiteElo "1844"]
[BlackElo "1969"]
[PlyCount "128"]
[EventDate "2015.04.11"]
[EventType "swiss"]
[EventRounds "9"]
[EventCountry "ESP"]
[SourceTitle "EXT 2018"]
[Source "ChessBase"]
[SourceDate "2017.10.13"]
[SourceVersion "1"]
[SourceVersionDate "2017.10.13"]
[SourceQuality "1"]

1. d4 d5 2. c4 c6 3. Nf3 Nf6 4. e3 Bg4 5. Qb3 Qb6 6. Qxb6 axb6 7. Ne5 Bf5 8. Nc3 e6 9. Be2 Nbd7 10. Nxd7 Nxd7 11. 0-0 Bd6 12. f3 Nf6 13. Bd2 h6 14. Be1 0-0 15. Bf2 Bh7 16. a3 Be7 17. Rfe1 dxc4 18. Bxc4 b5 19. Bb3 Bd3 20. e4 b4 21. axb4 Bxb4 22. Red1 Rxa1 23. Rxa1 Rd8 24. Be3 Nd7 25. Rd1 Ba6 26. Kf2 Kf8 27. f4 h5 28. h3 Ba5 29. g4 hxg4 30. hxg4 Nf6 31. Kf3 Bxc3 32. bxc3 Nxg4 33. Kxg4 Be2+ 34. Kg3 Bxd1 35. Bxd1 Ra8 36. Kf3 Ra3 37. Bd2 b5 38. Ke2 Ke8 39. Kd3 Kd7 40. Bg4 b4 41. f5 b3 42. c4 b2+ 43. Kc2 Rg3 44. fxe6+ fxe6 45. Bxe6+ Kxe6 46. Kxb2 Rg4 47. d5+ Kd6 48. Bc3 cxd5 49. exd5 Kc5 50. Be5 g6 51. d6 Kc6 52. Kc3 Re4 53. Bh2 Re2 54. Bf4 Rg2 55. Be5 Rg5 56. Bh2 Rh5 57. Bf4 g5 58. Be3 Kxd6 59. Kd3 g4 60. Ke4 Rh3 61. Kf4 Rf3+ 62. Ke4 Rf7 63. Bd4 Kc6 64. Be5 Re7 0-1

[Event "Cerdanyola del Valles Regional-ch"]
[Site "Cerdanyola del Valles"]
[Date "2015.??.??"]
[Round "6"]
[White "Borges Ayats, Joaquim"]
[Black "Fernandez Diaz Mascort, Miguel"]
[Result "0-1"]
[WhiteElo "2149"]
[BlackElo "2233"]
[PlyCount "122"]
[EventDate "2015.10.03"]
[EventType "swiss"]
[EventRounds "8"]
[EventCountry "ESP"]
[SourceTitle "CBM 169 Extra"]
[Source "ChessBase"]
[SourceDate "2015.12.18"]
[SourceVersion "1"]
[SourceVersionDate "2015.12.18"]
[SourceQuality "1"]

1. e4 d6 2. d4 Nf6 3. Nc3 e5 4. Nf3 Nbd7 5. Bc4 Be7 6. 0-0 c6 7. a4 0-0 8. Qe2 Qc7 9. Bb3 b6 10. h3 h6 11. Rd1 Bb7 12. Be3 Rad8 13. Nh4 Kh7 14. Nf5 Nb8 15. dxe5 dxe5 16. Rxd8 Qxd8 17. Rd1 Qc7 18. Qd2 Rd8 19. Qc1 Rxd1+ 20. Qxd1 Bf8 21. Qf3 Ng8 22. Nh4 Nf6 23. Qf5+ Kg8 24. Bxh6 Bc8 25. Qf3 Na6 26. Bg5 Nh7 27. Be3 Nc5 28. Bxc5 Bxc5 29. Nf5 Qd8 30. Ne3 Ng5 31. Qg3 Qf6 32. h4 Ne6 33. Ng4 Qg6 34. h5 Qg5 35. h6 Nf4 36. h7+ Kh8 37. Ne3 Qxg3 38. fxg3 Bxe3+ 39. Kf1 Ba6+ 40. Ke1 Ne6 41. Na2 Kxh7 42. Nb4 Bb7 43. Nd3 Nc5 44. Bxf7 Nxa4 45. Nxe5 Bd4 46. Nf3 Bxb2 47. g4 Nc5 48. e5 Bc3+ 49. Ke2 Ba6+ 50. Ke3 g6 51. Be8 Bb5 52. Nh4 Bxe5 53. Nxg6 Bb2 54. Ne7 Bc1+ 55. Kd4 Ne6+ 56. Ke5 Nd8 57. Kf6 Bb2+ 58. Kf5 a5 59. g5 a4 60. g6+ Kg7 61. Kg5 Bf6+ 0-1

[Event "Llinars del Valles op-A 8th"]
[Site "Llinars del Valles"]
[Date "2014.06.14"]
[Round "7"]
[White "Borges Ayats, Joaquim"]
[Black "Serra Canals, Oriol"]
[Result "1-0"]
[WhiteElo "1973"]
[BlackElo "1881"]
[PlyCount "37"]
[EventDate "2014.04.26"]
[EventType "swiss"]
[EventRounds "8"]
[EventCountry "ESP"]
[SourceTitle "EXT 2015"]
[Source "ChessBase"]
[SourceDate "2014.11.20"]
[SourceVersion "1"]
[SourceVersionDate "2014.11.20"]
[SourceQuality "1"]

1. e4 e6 2. d4 d5 3. Nc3 Bb4 4. Nge2 Ne7 5. a3 Ba5 6. b4 Bb6 7. e5 Nf5 8. Na4 Bd7 9. Nxb6 axb6 10. Ng3 Nxg3 11. hxg3 Nc6 12. c3 Na7 13. Qg4 g6 14. Bg5 Qc8 15. Bf6 h5 16. Qg5 Rh7 17. Bd3 c5 18. Bxg6 cxb4 19. Rc1 1-0

[Event "Catalunya-chT"]
[Site "Catalunya"]
[Date "2014.04.05"]
[Round "11.1"]
[White "Borges Ayats, Joaquim"]
[Black "Alvarez Albiol, Victor"]
[Result "1-0"]
[WhiteElo "1973"]
[BlackElo "1646"]
[PlyCount "55"]
[EventDate "2014.01.25"]
[EventType "team"]
[EventRounds "11"]
[EventCountry "ESP"]
[SourceTitle "EXT 2015"]
[Source "ChessBase"]
[SourceDate "2014.11.20"]
[SourceVersion "1"]
[SourceVersionDate "2014.11.20"]
[SourceQuality "1"]
[WhiteTeam "Cerdanyola Valles"]
[BlackTeam "Foment Martinenc"]
[WhiteTeamCountry "ESP"]
[BlackTeamCountry "ESP"]

1. e4 c5 2. Nf3 Nc6 3. d4 cxd4 4. Nxd4 e6 5. Nc3 a6 6. Be3 Qc7 7. Bd3 Nf6 8. 0-0 Be7 9. Kh1 0-0 10. f4 d6 11. Qe2 Nb4 12. Rac1 Nxd3 13. cxd3 Qd7 14. Nb3 b5 15. Qf3 Rb8 16. Qg3 Rd8 17. f5 e5 18. Bh6 Bf8 19. Bg5 Be7 20. Bxf6 Bxf6 21. Nd5 Kh8 22. Rc7 Qe8 23. Nxf6 gxf6 24. Qh4 Kg8 25. Rf3 Rd7 26. Qh6 Rxc7 27. Rg3+ Kh8 28. Qg7# 1-0

[Event "Cerdanyola del Valles op-A 32th"]
[Site "Cerdanyola del Valles"]
[Date "2014.??.??"]
[Round "2.1"]
[White "Borges Ayats, Joaquim"]
[Black "Gonzalez Perez, Arian"]
[Result "0-1"]
[WhiteElo "1988"]
[BlackElo "2443"]
[PlyCount "78"]
[EventDate "2014.10.04"]
[EventType "swiss"]
[EventRounds "8"]
[EventCountry "ESP"]
[SourceTitle "EXT 2024"]
[Source "ChessBase"]
[SourceDate "2023.10.10"]
[SourceVersion "1"]
[SourceVersionDate "2023.10.10"]
[SourceQuality "1"]

1. e4 c5 2. Nf3 d6 3. d4 cxd4 4. Nxd4 Nf6 5. Nc3 g6 6. f4 Nc6 7. Nxc6 bxc6 8. e5 Nd7 9. exd6 exd6 10. Be3 Be7 11. Qd2 0-0 12. 0-0-0 Nf6 13. Be2 d5 14. Bf3 Rb8 15. h3 Qa5 16. Qd4 Be6 17. Qa4 Qc7 18. g4 Rb4 19. Qa6 Rxf4 20. Bxf4 Qxf4+ 21. Kb1 Qxf3 22. Qxa7 Nd7 23. Qc7 d4 24. Rdf1 Qg2 25. Rfg1 Qd2 26. Rd1 Qg2 27. Rdg1 Qf2 28. Rf1 Qh4 29. Ne2 Bc4 30. Qxd7 Bxe2 31. Re1 Bf3 32. Rhg1 Bb4 33. Re8 Qf2 34. Rxf8+ Kxf8 35. Qd8+ Kg7 36. Rc1 Bd2 37. g5 Be4 38. Qd6 Bxc2+ 39. Ka1 Bxg5 0-1

[Event "Cerdanyola del Valles op-A 32th"]
[Site "Cerdanyola del Valles"]
[Date "2014.??.??"]
[Round "5.4"]
[White "Fernandez Diaz, Cristian"]
[Black "Borges Ayats, Joaquim"]
[Result "1-0"]
[WhiteElo "2148"]
[BlackElo "1988"]
[PlyCount "61"]
[EventDate "2014.10.04"]
[EventType "swiss"]
[EventRounds "8"]
[EventCountry "ESP"]
[SourceTitle "EXT 2024"]
[Source "ChessBase"]
[SourceDate "2023.10.10"]
[SourceVersion "1"]
[SourceVersionDate "2023.10.10"]
[SourceQuality "1"]

1. d4 c5 2. d5 d6 3. e4 e5 4. dxe6 Bxe6 5. Nc3 Be7 6. Nf3 Nc6 7. Bb5 a6 8. Bxc6+ bxc6 9. 0-0 d5 10. e5 Nh6 11. Bxh6 gxh6 12. Ne2 Qd7 13. Nf4 Rg8 14. Re1 Rg4 15. Qd2 Kf8 16. Nh5 Rg6 17. Qf4 Qd8 18. c3 Kg8 19. Qe3 Qd7 20. Nf6+ Bxf6 21. exf6 Rxf6 22. Ne5 Qe8 23. Qxc5 Rb8 24. Nxc6 Rxb2 25. Rab1 Rfxf2 26. Rxb2 Rxb2 27. Ne7+ Kg7 28. Qd4+ Kf8 29. Nxd5 Rxg2+ 30. Kxg2 Bxd5+ 31. Kf2 1-0

[Event "Catalunya-chT Honor"]
[Site "Catalunya"]
[Date "2013.02.16"]
[Round "5.9"]
[White "Diaz Camallonga, Carles"]
[Black "Borges Ayats, Joaquim"]
[Result "1-0"]
[WhiteElo "2167"]
[BlackElo "2010"]
[PlyCount "101"]
[EventDate "2013.01.19"]
[EventType "team-tourn"]
[EventRounds "11"]
[EventCountry "ESP"]
[SourceTitle "EXT 2014"]
[Source "ChessBase"]
[SourceDate "2013.11.20"]
[SourceVersion "1"]
[SourceVersionDate "2013.11.20"]
[SourceQuality "1"]
[WhiteTeam "Colon Sabadell"]
[BlackTeam "Cerdanyola Valles"]
[WhiteTeamCountry "ESP"]
[BlackTeamCountry "ESP"]

1. e4 c5 2. Nf3 Nc6 3. d4 cxd4 4. Nxd4 Qc7 5. Nb5 Qb8 6. c4 Nf6 7. N5c3 e6 8. Be3 d6 9. f4 Be7 10. Be2 b6 11. Bf3 Bb7 12. 0-0 0-0 13. Qe2 Nd7 14. Rd1 Nc5 15. Na3 a6 16. Rac1 Qc7 17. Nc2 Nd7 18. Nd4 Nxd4 19. Bxd4 Rac8 20. b3 Rfd8 21. f5 Bf6 22. fxe6 fxe6 23. Bg4 Re8 24. Qf2 Ne5 25. Bh3 b5 26. cxb5 axb5 27. Qd2 Qa5 28. Be3 b4 29. Na4 Rxc1 30. Rxc1 Bxe4 31. Qxd6 Qd5 32. Qxd5 exd5 33. Nc5 Nd3 34. Nxd3 Bxd3 35. Bc5 Re2 36. Bxb4 Bd4+ 37. Kh1 Bc2 38. Bg4 Rf2 39. Be6+ Kh8 40. Bxd5 h6 41. h3 Re2 42. Bc4 Rf2 43. Be1 Bb2 44. Bxf2 Bxc1 45. a4 Bd2 46. Bb6 Be4 47. a5 g5 48. Bd4+ Kh7 49. a6 Bb4 50. a7 Ba8 51. Be2 1-0

[Event "Cerdanyola del Valles op 31st"]
[Site "Cerdanyola del Valles"]
[Date "2013.??.??"]
[Round "2"]
[White "Gonzalez Perez, Arian"]
[Black "Borges Ayats, Joaquim"]
[Result "1-0"]
[WhiteElo "2467"]
[BlackElo "1970"]
[PlyCount "73"]
[EventDate "2013.10.05"]
[EventType "swiss"]
[EventRounds "8"]
[EventCountry "ESP"]
[SourceTitle "CBM 157 Extra"]
[Source "ChessBase"]
[SourceDate "2013.12.19"]
[SourceVersion "1"]
[SourceVersionDate "2013.12.19"]
[SourceQuality "1"]

1. e4 c5 2. Nf3 Nc6 3. d4 cxd4 4. Nxd4 Qc7 5. Nc3 e6 6. g3 a6 7. Bg2 Nf6 8. 0-0 Bc5 9. Nxc6 dxc6 10. Bg5 e5 11. Bxf6 gxf6 12. Qh5 Be6 13. Rad1 Ke7 14. Bh3 Qc8 15. Bxe6 Qxe6 16. Rd3 Rag8 17. Rfd1 Rg6 18. Qf5 Bd4 19. Ne2 Rd8 20. Nxd4 exd4 21. Qa5 Rg5 22. Qb4+ c5 23. Qxb7+ Rd7 24. Qc8 Re5 25. Rb3 Rxe4 26. Qxc5+ Qd6 27. Qf5 Qe5 28. Qxh7 f5 29. Rf3 Rd5 30. Kg2 Rg4 31. h3 Re4 32. Rdd3 Re1 33. Qh4+ Ke6 34. c4 dxc3 35. Rxc3 Rdd1 36. Rfe3 Rg1+ 37. Kf3 1-0

[Event "Cerdanyola del Valles op 31st"]
[Site "Cerdanyola del Valles"]
[Date "2013.??.??"]
[Round "3"]
[White "Ramon Serrano, Francisco Javier"]
[Black "Borges Ayats, Joaquim"]
[Result "1/2-1/2"]
[WhiteElo "2032"]
[BlackElo "1970"]
[PlyCount "130"]
[EventDate "2013.10.05"]
[EventType "swiss"]
[EventRounds "8"]
[EventCountry "ESP"]
[SourceTitle "CBM 157 Extra"]
[Source "ChessBase"]
[SourceDate "2013.12.19"]
[SourceVersion "1"]
[SourceVersionDate "2013.12.19"]
[SourceQuality "1"]

1. d4 d5 2. Nf3 Nf6 3. Bf4 c6 4. e3 Qb6 5. Qc1 Bf5 6. Be2 e6 7. 0-0 Nbd7 8. c4 Be7 9. Nc3 Ne4 10. cxd5 exd5 11. Nxe4 Bxe4 12. Ne5 Nxe5 13. Bxe5 0-0 14. a3 a5 15. Qc3 Bf5 16. Bf3 Rfe8 17. Rfe1 Bf8 18. g4 Bg6 19. h4 Qd8 20. Bg3 Bd6 21. Kg2 Bxg3 22. Kxg3 Qd6+ 23. Kg2 Qf6 24. Rh1 Qe6 25. Rae1 Be4 26. Kg3 Bxf3 27. Kxf3 f5 28. gxf5 Qxf5+ 29. Ke2 Re6 30. Qd3 Qh5+ 31. Kd2 Qf3 32. Qe2 Rf8 33. Qxf3 Rxf3 34. Ke2 Ref6 35. Rh2 Kf7 36. b4 axb4 37. axb4 Ke6 38. b5 Kd6 39. bxc6 bxc6 40. Ra1 Rf8 41. Rg1 R3f7 42. Rhg2 g6 43. Ra1 Rb8 44. Ra2 Rfb7 45. Rg5 Ke6 46. Kf3 Rb1 47. Ra7 Rf8+ 48. Kg2 Rb2 49. Rxh7 Rfxf2+ 50. Kg1 Rfe2 51. Rxg6+ Kf5 52. Rg5+ Kf6 53. Rh6+ Kf7 54. Rf5+ Kg7 55. Rxc6 Re1+ 56. Rf1 Rxe3 57. Rf2 Rb4 58. Rf4 Rb2 59. Rd6 Re1+ 60. Rf1 Ree2 61. Rd7+ Kg6 62. h5+ Kxh5 63. Rxd5+ Kg4 64. Rf8 Re1+ 65. Rf1 Ree2 1/2-1/2

[Event "Cerdanyola del Valles 2nd"]
[Site "Cerdanyola del Valles"]
[Date "2012.11.01"]
[Round "5"]
[White "Garcia Castany Musellas, Gal La"]
[Black "Borges Ayats, Joaquim"]
[Result "1-0"]
[WhiteElo "1993"]
[BlackElo "2015"]
[PlyCount "63"]
[EventDate "2012.09.29"]
[EventType "tourn"]
[EventRounds "9"]
[EventCountry "ESP"]
[SourceTitle "EXT 2014"]
[Source "ChessBase"]
[SourceDate "2013.11.20"]
[SourceVersion "1"]
[SourceVersionDate "2013.11.20"]
[SourceQuality "1"]

1. e4 c5 2. Nf3 e6 3. g3 Nc6 4. Bg2 g6 5. d4 cxd4 6. Nxd4 Bg7 7. Nb5 Nf6 8. Qd6 Ne7 9. Nc7+ Kf8 10. Nxa8 Ne8 11. Qa3 Be5 12. Qxa7 Nc6 13. Qb6 Qf6 14. c3 Kg7 15. Be3 d5 16. exd5 exd5 17. Bxd5 Qe7 18. Nd2 Nf6 19. Bg2 Bf5 20. Nc4 Rxa8 21. Qc5 Qxc5 22. Bxc5 Bc7 23. Ne3 Be6 24. c4 Nd7 25. Ba3 Nde5 26. Bd5 Ba5+ 27. Kf1 Bh3+ 28. Ke2 Nd4+ 29. Kd1 Rd8 30. b4 Bc7 31. Bb2 Ndc6 32. f4 1-0